00659nam a2200193Ia 4500020001800000082002100018100002300039245007300062260004000135300001500175440004200190504003600232650003300268650003700301650003800338650003200376650003200408700002500440 a0-7546-1622-3 a363.596942 PUR-L aPurewal, Navtej K. 0aLiving on the margins : social access to shelter in urban South Asia aAldershotbAshgate Publishingc2000 axii, 204p. aSoas Studies in Development Geography aIncludes bibliography and index aUrban poor - Housing - India aMarginality, Social - South asia aUrban poor - Housing - South Asia aAmritsar (Punjab) - History aHousing policy - South Asia aBrandnock, Robert W.